The psychology of written composition
Saved in:
| Main Authors: | , |
|---|---|
| Format: | Bog |
| Sprog: | engelsk |
| Udgivet: |
Mahwah
Lawrence Erlbaum Associates
1987
|
| Serier: | The Psychology of Education and Instruction
|
| Fag: | |
| Tags: |
Tilføj Tag
Ingen Tags, Vær først til at tagge denne postø!
|
MARC
| LEADER | 00000nam a2200000 a 4500 | ||
|---|---|---|---|
| 001 | UCO9542 | ||
| 003 | CL-VaPUC | ||
| 008 | 010302e19870000us |||||||||||||||||eng|d | ||
| 082 | 0 | 4 | |a 808.001 |b BER |2 21 |
| 100 | 0 | |a Bereiter, Carl |e author |9 454801 | |
| 700 | 0 | |a Scardamalia, Marlene |e author |9 454802 | |
| 245 | 1 | 4 | |a The psychology of written composition |
| 300 | |a 389 p | ||
| 942 | |c BK | ||
| 945 | |d 20010302 00:00:00 |a cmena | ||
| 260 | |a Mahwah |b Lawrence Erlbaum Associates |c 1987 | ||
| 650 | 7 | |a RETORICA - ASPECTOS PSICOLOGICOS |2 CL-VaPUC |9 454803 | |
| 650 | 0 | |a Textos escritos |9 453620 | |
| 650 | 0 | |a Teoría del conocimiento |9 255038 | |
| 583 | |a last modification |c 20171120 05:36:14 |k Rodrigo Vera | ||
| 490 | 0 | |a The Psychology of Education and Instruction | |
| 999 | |c 293744 |d 293742 | ||
| 952 | |0 0 |1 0 |4 0 |6 808_001000000000000_BER_1987 |7 0 |8 A |9 345450 |a FDOPOS |b BIBEDU |d 2019-11-20 |i 3684636 |l 2 |o 808.001 BER 1987 |p 3684636 |r 2025-01-22 |s 2022-04-19 |w 2019-11-20 |y BK |k MLA | ||